000
00224 a2200097 4500
001
55320
100
_a
245
_a
Entrepreneurship, 6th Ed
260
_a
New Delhi
_b
Tata McGraw HILL
_c
2007
090
_c
34303
_d
34303
942
_a
NUST-CAE
_c
MONOGRAPH
_c
27007
999
_c
290393
_d
290393